00562nam a22001697a 450000500170000001000130001702000230003003500130005303700160006608200080008210000280009024500860011824600580020426000530026227000570031530000200037220200309143113.0 aB-208811 a8182232155c300.00 aB-208811 bCen Lib/Ret a070 aہومایوں اشرف aاردو صحافت:bمسایل اور امکانات /cہومایوں اشرف aUrdu Sahafat: Masail Aur Imkanat /bby Humayun Ashraf aNew DelhibEducational Publishing Housec2006 ء a3108, Vakil Street, Kucha Pandit, Lal KuanbDelhie6 a443p.c23cm(Hb)